LIBRARY & INFORMATION CENTRE, KCAET, TAVANUR

ONLINE PUBLIC ACCESS CATALOGUE (OPAC)

Hydrology and Groundwater Modeling (Record no. 14183)

MARC details
000 -LEADER
fixed length control field 00410nam a22001457a 4500
020 ## - INTERNATIONAL STANDARD BOOK NUMBER
ISBN 0849333482
082 ## - DEWEY DECIMAL CLASSIFICATION NUMBER
Classification number 551.49015118
Item number KRE/HY
100 ## - MAIN ENTRY--AUTHOR NAME
Personal name Kresic, Neven
245 ## - TITLE STATEMENT
Title Hydrology and Groundwater Modeling
250 ## - EDITION STATEMENT
Edition statement 2
260 ## - PUBLICATION, DISTRIBUTION, ETC. (IMPRINT)
Place of publication New York
Name of publisher CRC Press
Year of publication 2007
300 ## - PHYSICAL DESCRIPTION
Number of Pages 807
650 ## - SUBJECT ADDED ENTRY--TOPICAL TERM
Topical Term Hydrology
-- Hydrology-mathemetical model
-- Groundwater flow - mathemetical model
942 ## - ADDED ENTRY ELEMENTS (KOHA)
Koha item type Reference
Holdings
Withdrawn status Lost status Damaged status Collection code Home library Current library Shelving location Date acquired Source of acquisition Cost, normal purchase price Full call number Accession Number Koha item type
      Reference KAUAET KAUAET Reference 13/07/2016 Penta Books, Calicut 8267.70 551.49015118 KRE/HY 23764 Reference
free website counter